| 000 | 01206nam a22002891i 4500 | ||
|---|---|---|---|
| 003 | SA-RiAUC | ||
| 005 | 20250111102820.0 | ||
| 008 | 250110s2001 sy g 000 0 ara c | ||
| 040 |
_aSA-JeALM _bara _cSA-RiAUC _erda |
||
| 082 | 0 | 4 | _a213 |
| 090 |
_a213 _bن س ا |
||
| 100 | 1 |
_aالنسائي، أحمد بن علي بن شعيب، _d215-303 هجري _eمؤلف. |
|
| 245 | 1 | 0 |
_aعمل اليوم والليلة / _cأحمد بن علي بن شعيب النسائي ؛ دراسة وتحقيق فاروق حمادة. |
| 250 | _aالطبعة الأولى. | ||
| 264 | 1 |
_aدمشق ؛ _aبيروت : _bدار الكلم الطيب، _c2001 |
|
| 300 |
_a735 صفحة ؛ _c24 سم |
||
| 336 |
_aنص _btxt _2rdacontent _3كتاب |
||
| 337 |
_aبدون وسيط _bn _2rdamedia |
||
| 338 |
_aمجلد _bnc _2rdacarrier |
||
| 500 | _aإهداء من المحقق فاروق حمادة بتاريخ 2004/12/14 م | ||
| 650 | 7 |
_aالوعظ والإرشاد _2aucsh |
|
| 650 | 7 |
_aالأدعية والأوراد _2aucsh |
|
| 650 | 7 |
_aالحديث _xجوامع الفنون _2aucsh |
|
| 700 | 1 |
_aحمادة، فاروق، _d1949- _eمحقق. |
|
| 942 |
_2ddc _cBOOK _n0 |
||
| 949 |
_aSA-JeALM _d250110 _umohamedma123 _n1 |
||
| 999 |
_c4583 _d4583 |
||